000
00311nam a2200133Ia 4500
005
20251222140059.0
008
251222s1900||||xx |||||||||||||| ||spa||
020
_a
9789972297045
082
_a
149.94/D11
100
_a
D'Angelo, Biagio,
245
0
_a
Letras de Derrida
264
_b
Fondo Ed. UCSS
942
_c
LIB
999
_c
3868
_d
3868